Second readings in molecular Biology

Saved in:
Bibliografiske detaljer
Hovedforfatter: Tooze, John
Format: Bog
Sprog:engelsk
Udgivet: London, England, United Kingdom Macmillan 1972
Fag:
Tags: Tilføj Tag
Ingen Tags, Vær først til at tagge denne postø!

MARC

LEADER 00000nam a2200000 a 4500
001 UCT5213
003 CL-VaPUC
005 20241017111517.0
008 961205e19720000UK |||||||||||||||||eng|d
999 |c 254204  |d 254202 
040 |c Pontificia Universidad Católica de Valparaíso 
082 0 4 |a 572.8 TOO 1972  |2 21 
100 0 |a Tooze, John  |9 374544 
245 1 0 |a Second readings in molecular Biology 
260 0 3 |a London, England, United Kingdom  |b Macmillan  |c 1972 
300 |a 152 páginas 
583 |a last modification  |c 19961205 00:00:00  |k Rodrigo Vera 
650 0 |a Biología  |9 262022 
650 0 |a Moléculas   |9 259584 
650 0 |a Biología molecular  |9 269677 
650 0 |a Ácidos nucleicos  |9 348842 
650 0 |a Enzimas  |9 262984 
650 7 |a PROTEINAS  |2 CL-VaPUC  |9 374545 
650 0 |a Células   |9 269548 
650 0 |a Membrana celular  |9 365516 
942 |c BK  |2 ddc 
945 |d 19961205 00:00:00  |a paguirre 
952 |0 0  |1 0  |2 ddc  |4 0  |6 572_800000000000000_TOO_1972  |7 0  |8 A  |9 275679  |a BIBCUR  |b BIBCUR  |c PAC  |d 2019-11-19  |i 1794647  |o 572.8 TOO 1972  |p 1794647  |r 2025-04-22  |t 1  |w 2019-11-19  |y BK  |k BIO